| 000 | 00342nam a22001457a 4500 | ||
|---|---|---|---|
| 020 | _a0-408-00587-4 | ||
| 082 | _a678.2 RUB'B | ||
| 100 |
_aBLOW, C. M,HEPHURN, C _974942 |
||
| 245 | _aRUBBER TECHNOLOGY AND MANUFACTURE | ||
| 250 | _a2ND | ||
| 260 |
_aLONDON _bBUTTERWORTH _c1982 |
||
| 300 | _a608P | ||
| 650 |
_aRUBBER _974943 |
||
| 942 | _cBK | ||
| 999 |
_c580446 _d580446 |
||